| Tag |
First Indicator |
Second Indicator |
Subfields |
| LEADER |
00000cam a22000001 4500 |
| 001 |
in00004536331 |
| 005 |
20150715093602.0 |
| 008 |
820221s1925 gw a 000 0 ger |
| 010 |
|
|
|a 53050409
|
| 016 |
7 |
|
|a 56231190R
|2 DNLM
|
| 019 |
|
|
|a 5142754
|
| 035 |
|
|
|a (OCoLC)ocm04444401
|
| 035 |
|
|
|a (OCoLC)4444401
|z (OCoLC)5142754
|
| 035 |
|
|
|z (UtOrBLW)69809
|
| 035 |
|
|
|a 97702
|
| 040 |
|
|
|a NLM
|b eng
|c NLM
|d CGU
|d CLU
|d GEBAY
|d OCLCQ
|d OCLCF
|d UtOrBLW
|
| 049 |
|
|
|a TMVM
|
| 050 |
0 |
4 |
|a R512.S87
|b A3 1925
|
| 060 |
0 |
0 |
|a WZ 100
|b S9272a 1925
|
| 100 |
1 |
|
|a Strümpell, Adolf von,
|d 1853-1925.
|
| 245 |
1 |
0 |
|a Aus dem Leben eines deutschen Klinikers :
|b Erinnerungen und Beobachtungen /
|c by Adolf von Strümpell.
|
| 250 |
|
|
|a 2. durchgesehene Aufl.
|
| 264 |
|
1 |
|a Leipzig :
|b Vogel,
|c 1925.
|
| 300 |
|
|
|a vi, 294 pages :
|b illustrations, portraits ;
|c 22 cm.
|
| 336 |
|
|
|a text
|b txt
|2 rdacontent
|
| 337 |
|
|
|a unmediated
|b n
|2 rdamedia
|
| 338 |
|
|
|a volume
|b nc
|2 rdacarrier
|
| 600 |
1 |
0 |
|a Strümpell, Adolf von,
|d 1853-1925.
|
| 600 |
1 |
7 |
|a Strümpell, Adolf von,
|d 1853-1925.
|2 fast
|0 (OCoLC)fst00151627
|
| 999 |
|
|
|a MARS
|
| 999 |
f |
f |
|s 30b68841-0e7a-3f34-a282-a74df0957d88
|i 962abd87-c92b-378f-8eae-3d96d5bcf7a3
|t 0
|
| 952 |
f |
f |
|p storage
|a Texas A&M University
|b J.J. Pickle Campus
|c High Density Repository
|d Remote Storage
|t 0
|e WZ 100 S9272a 1925
|h National Library of Medicine classification
|i unmediated -- volume
|m 3238902534163
|
| 998 |
f |
f |
|a WZ 100 S9272a 1925
|t 0
|l Remote Storage
|